00650cam a22002173a 45000010005000000030006000050050017000110080041000280400015000690420007000840500007000912450087000982600029001855060030002145160020002446530046002646530021003107000032003318300028003638560041003911030PGUSA20140828082956.0970901s1997||||xxu|||||s|||||000 p eng d aPGUSAbeng adc 4aPR14aThe Cavalier Songs and Ballads of England from 1642 to 1684h[electronic resource] bProject Gutenberg,c1997 aPublic domain in the USA. aElectronic text aEnglish poetry -- Early modern, 1500-1700 aBallads, English1 aMackay, Charles,d1814-1889 0aProject Gutenbergv103040uhttp://www.gutenberg.org/ebooks/1030